[Event "Aeroflot Open 2007"]
[Site "Moscú RUS"]
[Date "2007.02.16"]
[Round "3.37"]
[White "Halkias, Stelios"]
[Black "Nguyen, Ngoc Truongson"]
[Result "0-1"]
[WhiteElo "2583"]
[BlackElo "2528"]
[PlyCount "148"]
[EventDate "2007.02.14"]
[EventType "swiss"]
[EventRounds "9"]
[EventCountry "RUS"]
[Source "lmi"]
[SourceDate "2007.02.13"]

1. Nf3 Nf6 2. c4 e6 3. Nc3 Bb4 4. g4 h6 5. Rg1 b6 6. Qc2 Bb7 7. a3 Bxc3 8. Qxc3
d6 9. g5 hxg5 10. Rxg5 Rh7 11. Rg1 Nbd7 12. Ng5 Rh8 13. d4 Qe7 14. Bg2 Bxg2 15.
Rxg2 e5 16. dxe5 Nxe5 17. Bf4 Ng6 18. Bd2 O-O-O 19. O-O-O Rhe8 20. Qc2 Ne4 21.
Nxe4 Qxe4 22. f3 Qxc2+ 23. Kxc2 Rh8 24. Bc3 Rh7 25. Kd2 Re8 26. e4 Ne5 27. Ke2
g6 28. Bxe5 Rxe5 29. Rd5 Re8 30. Kf2 Rh3 31. Rd3 Rxe4 32. b3 Re5 33. Re3 Kd7
34. Rd3 a5 35. Kf1 Rh4 36. Rc2 Ke6 37. b4 axb4 38. axb4 Rf5 39. Kg1 Rff4 40. c5
dxc5 41. bxc5 bxc5 42. Rxc5 Rc4 43. Re3+ Kd6 44. Ra5 Ra4 45. Rb5 Ra1+ 46. Kg2
Ra2+ 47. Kg3 Rhxh2 48. Rd3+ Ke6 49. Re3+ Kf6 50. Rc3 Rhg2+ 51. Kh3 Rgc2 52.
Rbc5 Rxc3 53. Rxc3 Ra7 54. Kg4 Ke7 55. f4 Kd7 56. Rd3+ Kc8 57. Rd5 Ra6 58. f5
Rf6 59. fxg6 fxg6 60. Rd1 c6 61. Kg5 Re6 62. Kf4 Kc7 63. Rc1 Kd7 64. Rd1+ Rd6
65. Rc1 Rd5 66. Ke4 Kd6 67. Rg1 g5 68. Rh1 Re5+ 69. Kd4 c5+ 70. Kc4 Ke6 71. Kd3
Kf5 72. Rf1+ Kg4 73. Rh1 Kf4 74. Rh8 g4 0-1

[Event "Aeroflot Open 2007"]
[Site "Moscú RUS"]
[Date "2007.02.16"]
[Round "3.38"]
[White "Kosintseva, Tatiana"]
[Black "Kurnosov, Igor"]
[Result "1/2-1/2"]
[WhiteElo "2474"]
[BlackElo "2580"]
[PlyCount "119"]
[EventDate "2007.02.14"]
[EventType "swiss"]
[EventRounds "9"]
[EventCountry "RUS"]
[Source "lmi"]
[SourceDate "2007.02.13"]

1. e4 c5 2. Nf3 d6 3. d4 cxd4 4. Nxd4 Nf6 5. Nc3 a6 6. Be3 Ng4 7. Bg5 h6 8. Bh4
g5 9. Bg3 Bg7 10. h3 Nf6 11. Bc4 Qb6 12. Bb3 O-O 13. Nde2 Nbd7 14. h4 g4 15.
Nf4 e6 16. Qe2 Nc5 17. O-O-O Bd7 18. f3 a5 19. Bc4 Rfc8 20. Bf2 Qc7 21. Nb5
Bxb5 22. Bxb5 a4 23. a3 Ra5 24. Kb1 d5 25. e5 Nfd7 26. Nh5 Qxe5 27. Nxg7 Qxe2
28. Bxe2 gxf3 29. gxf3 Kxg7 30. Rhg1+ Kh7 31. c4 dxc4 32. Bxc4 Ne5 33. Be2 Ng6
34. Bd4 Nb3 35. Bc3 Rd5 36. Rxd5 exd5 37. h5 Nf4 38. Rg7+ Kh8 39. Rxf7+ Rxc3
40. bxc3 Nxe2 41. Kc2 b5 42. Rb7 Kg8 43. Rb6 Kg7 44. Kd3 Nf4+ 45. Ke3 Nxh5 46.
Rxb5 Nf6 47. Kf4 Kg6 48. Ke5 Nd2 49. f4 Nc4+ 50. Ke6 Nxa3 51. Rb2 Nh5 52. Rb4
d4 53. Rxd4 Nb5 54. Rxa4 Nxc3 55. f5+ Kg5 56. Ra8 Ne4 57. Rg8+ Kf4 58. Rg6 Ng5+
59. Ke7 Kxf5 60. Rxh6 1/2-1/2

[Event "Aeroflot Open 2007"]
[Site "Moscú RUS"]
[Date "2007.02.16"]
[Round "3.39"]
[White "Luther, Thomas"]
[Black "Kosintseva, Nadezhda"]
[Result "1/2-1/2"]
[WhiteElo "2580"]
[BlackElo "2496"]
[PlyCount "98"]
[EventDate "2007.02.14"]
[EventType "swiss"]
[EventRounds "9"]
[EventCountry "RUS"]
[Source "lmi"]
[SourceDate "2007.02.13"]

1. e4 e5 2. Nf3 Nc6 3. Bb5 a6 4. Ba4 Nf6 5. O-O Be7 6. Re1 b5 7. Bb3 O-O 8. h3
Bb7 9. d3 d6 10. a3 Na5 11. Ba2 c5 12. Nc3 Nc6 13. Bg5 Qd7 14. Bxf6 Bxf6 15.
Nd5 Bd8 16. b4 Rc8 17. bxc5 dxc5 18. a4 Qd6 19. axb5 axb5 20. Qb1 Nb4 21. Nxb4
cxb4 22. Bb3 Bb6 23. Qc1 Kh8 24. Qg5 f6 25. Qg3 g6 26. Rad1 Rcd8 27. Rd2 Bc8
28. Red1 Qe7 29. Re1 Be6 30. Rb1 Bxb3 31. cxb3 Rc8 32. h4 Rc3 33. h5 gxh5 34.
Nh4 Qg7 35. Qxg7+ Kxg7 36. Nf5+ Kf7 37. Ra2 Rxd3 38. Ra6 Rb8 39. Rc1 Rc3 40.
Rd1 Bd4 41. Nxd4 Rd8 42. Ra7+ Kg8 43. Rg7+ Kh8 44. Ra1 exd4 45. Raa7 d3 46.
Rxh7+ Kg8 47. Rhg7+ Kh8 48. Rh7+ Kg8 49. Rhg7+ Kh8 1/2-1/2

[Event "Aeroflot Open 2007"]
[Site "Moscú RUS"]
[Date "2007.02.16"]
[Round "3.42"]
[White "Sedlak, Nikola"]
[Black "Petrosian, Tigran L"]
[Result "1/2-1/2"]
[WhiteElo "2561"]
[BlackElo "2592"]
[PlyCount "143"]
[EventDate "2007.02.14"]
[EventType "swiss"]
[EventRounds "9"]
[EventCountry "RUS"]
[Source "lmi"]
[SourceDate "2007.02.13"]

1. d4 Nf6 2. c4 g6 3. Nc3 d5 4. cxd5 Nxd5 5. Bd2 Nb6 6. Nf3 Bg7 7. Rc1 Nc6 8.
Bf4 O-O 9. e3 Be6 10. Be2 Nd5 11. Nxd5 Bxd5 12. O-O Rc8 13. Bc4 Bxc4 14. Rxc4
Na5 15. Rc2 Qd5 16. Qc1 Nc6 17. a3 e6 18. Rc5 Qb3 19. Qb1 Rfd8 20. Rfc1 Bf8 21.
R5c3 Qa4 22. R1c2 Bd6 23. Bg3 Qb5 24. Qc1 Qd5 25. Rd2 h6 26. Qc2 f5 27. Re2 Qe4
28. Qxe4 fxe4 29. Nd2 Bxg3 30. hxg3 e5 31. d5 Rxd5 32. Nxe4 Rd1+ 33. Kh2 Nd8
34. g4 Nf7 35. Rec2 c6 36. Rc5 Rcd8 37. R2c3 Kg7 38. Rb3 R8d7 39. Kg3 Re7 40.
Rc2 Nd6 41. Nxd6 Rxd6 42. Rbc3 Kf6 43. b4 Rd5 44. a4 e4 45. Rc5 Rxc5 46. bxc5
Ke5 47. f4+ Kd5 48. a5 g5 49. f5 Rh7 50. Rc1 Rh8 51. Kf2 Rb8 52. Ke2 b6 53.
cxb6 axb6 54. Rd1+ Ke5 55. a6 Ra8 56. Ra1 Ra7 57. Kd2 b5 58. Kc3 c5 59. Kb3 h5
60. gxh5 Kxf5 61. Ra5 g4 62. Rxb5 Rxa6 63. Rxc5+ Kf6 64. Kc4 Ra2 65. Kd4 Rxg2
66. Kxe4 Rf2 67. h6 Kg6 68. h7 Kxh7 69. Rg5 Rg2 70. Kf5 Kh6 71. Rxg4 Rxg4 72.
Kxg4 1/2-1/2

[Event "Aeroflot Open 2007"]
[Site "Moscú RUS"]
[Date "2007.02.16"]
[Round "3.43"]
[White "Shaposhnikov, Evgeny"]
[Black "Berg, Emanuel"]
[Result "1-0"]
[WhiteElo "2554"]
[BlackElo "2586"]
[PlyCount "103"]
[EventDate "2007.02.14"]
[EventType "swiss"]
[EventRounds "9"]
[EventCountry "RUS"]
[Source "lmi"]
[SourceDate "2007.02.13"]

1. e4 e6 2. d4 d5 3. Nc3 Bb4 4. e5 Ne7 5. a3 Bxc3+ 6. bxc3 b6 7. Qg4 Ng6 8. h4
h5 9. Qd1 Ne7 10. Bg5 Qd7 11. Be2 g6 12. a4 Ba6 13. Bxa6 Nxa6 14. Bf6 Rh7 15.
Nf3 Ng8 16. Qd3 Nb8 17. O-O Nc6 18. c4 Nxf6 19. exf6 dxc4 20. Qxc4 Rh8 21. Ne5
Nxe5 22. dxe5 O-O-O 23. a5 Qd5 24. Qe2 Qc6 25. axb6 axb6 26. Qa6+ Qb7 27. Qa4
c5 28. Qb5 Kc7 29. Ra3 Rd4 30. c3 Rdd8 31. Rb1 Ra8 32. Rab3 Rhb8 33. Qe2 Ra4
34. c4 Qa6 35. Qd1 Rd8 36. Rd3 Ra1 37. Rxd8 Rxb1 38. Qxb1 Kxd8 39. Qd3+ Ke8 40.
Qd6 Qb7 41. Kh2 Qa7 42. f3 Qb7 43. Kg3 Qa7 44. Kf4 Qd7 45. Qb8+ Qd8 46. Qxd8+
Kxd8 47. g4 Kd7 48. g5 Kc6 49. Ke3 b5 50. cxb5+ Kxb5 51. f4 Kc6 52. f5 1-0

[Event "Aeroflot Open 2007"]
[Site "Moscú RUS"]
[Date "2007.02.17"]
[Round "4.3"]
[White "Bocharov, Dmitry"]
[Black "Predojevic, Borki"]
[Result "1/2-1/2"]
[WhiteElo "2602"]
[BlackElo "2587"]
[PlyCount "95"]
[EventDate "2007.02.14"]
[EventType "swiss"]
[EventRounds "9"]
[EventCountry "RUS"]
[Source "lmi"]
[SourceDate "2007.02.13"]

1. d4 Nf6 2. Nf3 g6 3. c4 Bg7 4. g3 d5 5. cxd5 Nxd5 6. Bg2 Nb6 7. Nc3 Nc6 8. e3
O-O 9. O-O Re8 10. d5 Na5 11. Nd4 Bd7 12. e4 Rc8 13. Rb1 c6 14. Re1 cxd5 15.
exd5 Nac4 16. b3 Nd6 17. Bb2 Rc5 18. Rc1 Qc8 19. Qd3 Bh3 20. Ba3 Bxg2 21. Kxg2
Rc7 22. Ncb5 Rxc1 23. Rxc1 Qg4 24. Nxd6 exd6 25. Nb5 Re5 26. h3 Qg5 27. Nxd6
Rxd5 28. Qe4 Qe5 29. Rc7 Qxe4+ 30. Nxe4 Rd7 31. Rc2 Bd4 32. Kf3 h6 33. Nd6 Be5
34. Ne4 Bd4 35. g4 Kg7 36. Nd6 Be5 37. Ne8+ Kg8 38. Re2 f6 39. Rxe5 fxe5 40.
Nf6+ Kf7 41. Nxd7 Nxd7 42. Bc1 h5 43. gxh5 gxh5 44. Bg5 Ke6 45. Kg3 Kf5 46. Kh4
Kg6 47. Be7 e4 48. Kg3 1/2-1/2

[Event "Aeroflot Open 2007"]
[Site "Moscú RUS"]
[Date "2007.02.17"]
[Round "4.4"]
[White "Novikov, Stanislav"]
[Black "Belov, Vladimir"]
[Result "1-0"]
[WhiteElo "2535"]
[BlackElo "2600"]
[PlyCount "77"]
[EventDate "2007.02.14"]
[EventType "swiss"]
[EventRounds "9"]
[EventCountry "RUS"]
[Source "lmi"]
[SourceDate "2007.02.13"]

1. d4 Nf6 2. c4 e6 3. g3 c5 4. d5 exd5 5. cxd5 d6 6. Nc3 g6 7. Bg2 Bg7 8. Nf3
O-O 9. O-O a6 10. a4 Re8 11. Bf4 Nh5 12. Bg5 Bf6 13. Bxf6 Nxf6 14. Nd2 Nbd7 15.
h3 Rb8 16. Qb1 Qe7 17. Re1 b5 18. axb5 axb5 19. b4 Qe5 20. Rc1 Nb6 21. Nf3 Qe7
22. bxc5 dxc5 23. Qxb5 Bf5 24. Qa5 Nbxd5 25. Nxd5 Nxd5 26. Rxc5 Nf6 27. Re5 Qd7
28. Rxe8+ Rxe8 29. Qb6 Kg7 30. g4 Be4 31. g5 Nh5 32. Qb2+ Kg8 33. Ne5 Qb7 34.
Qxb7 Bxb7 35. Ng4 Bxg2 36. Kxg2 Rxe2 37. Ra8+ Kg7 38. Nh6 Nf6 39. Ra7 1-0

[Event "Aeroflot Open 2007"]
[Site "Moscú RUS"]
[Date "2007.02.17"]
[Round "4.5"]
[White "Akopian, Vladimir"]
[Black "Sadvakasov, Darmen"]
[Result "1/2-1/2"]
[WhiteElo "2700"]
[BlackElo "2615"]
[PlyCount "136"]
[EventDate "2007.02.14"]
[EventType "swiss"]
[EventRounds "9"]
[EventCountry "RUS"]
[Source "lmi"]
[SourceDate "2007.02.13"]

1. e4 e6 2. d4 d5 3. Nd2 c5 4. exd5 exd5 5. Ngf3 Nc6 6. Bb5 Bd6 7. dxc5 Bxc5 8.
O-O Nge7 9. Nb3 Bd6 10. Re1 O-O 11. Bg5 a6 12. Bd3 Bg4 13. Bh4 h6 14. Bg3 Rc8
15. c3 Re8 16. Re3 Bc7 17. Bxc7 Qxc7 18. h3 Bxf3 19. Qxf3 Ne5 20. Qe2 Nxd3 21.
Qxd3 Qc4 22. Rae1 Qxd3 23. Rxd3 Kf8 24. Kf1 Rc7 25. Nd4 Rd8 26. Red1 Rd6 27.
R1d2 Rcd7 28. Nb3 b6 29. Nd4 b5 30. Nb3 Rc7 31. a3 Rb6 32. Re2 g6 33. Ke1 Rd6
34. Red2 Rc8 35. Kd1 Rc7 36. Nd4 Nc8 37. Nc2 Nb6 38. Ne3 Rcd7 39. b3 Rc7 40.
Kc2 Rdc6 41. Kb2 Rc5 42. Nc2 a5 43. Ne3 Rd7 44. Rd4 a4 45. R2d3 axb3 46. Kxb3
Ke7 47. Rf4 Ke6 48. Nc2 Ke5 49. Rb4 Ra7 50. Nd4 Ra5 51. Re3+ Kd6 52. Re2 Nc4
53. Ra2 Ne5 54. Kc2 Nc6 55. Nxc6 Rxc6 56. Kb3 Kc5 57. Rd4 Rca6 58. Rh4 g5 59.
Rd4 Ra4 60. Rd1 h5 61. Rd3 f5 62. Rg3 g4 63. hxg4 hxg4 64. f3 Re6 65. fxg4 fxg4
66. Rd2 Rea6 67. Ra2 Ra8 68. Rd3 R8a6 1/2-1/2

[Event "Aeroflot Open 2007"]
[Site "Moscú RUS"]
[Date "2007.02.17"]
[Round "4.8"]
[White "Svetushkin, Dmitry"]
[Black "Timofeev, Artyom"]
[Result "1/2-1/2"]
[WhiteElo "2588"]
[BlackElo "2663"]
[PlyCount "180"]
[EventDate "2007.02.14"]
[EventType "swiss"]
[EventRounds "9"]
[EventCountry "RUS"]
[Source "lmi"]
[SourceDate "2007.02.13"]

1. d4 Nf6 2. c4 g6 3. Nc3 d5 4. cxd5 Nxd5 5. Bd2 Bg7 6. e4 Nxc3 7. Bxc3 c5 8.
d5 Bxc3+ 9. bxc3 O-O 10. Nf3 Bg4 11. Be2 Bxf3 12. Bxf3 Qd6 13. O-O Nd7 14. g3
b5 15. Bg2 e5 16. dxe6 Qxe6 17. Qe2 c4 18. Rfd1 Ne5 19. Rd5 a6 20. a4 bxa4 21.
Rxa4 Rfb8 22. h3 h5 23. Qe3 Rb1+ 24. Kh2 Re8 25. Ra2 Qf6 26. f4 Nd3 27. e5 Qe6
28. Qd4 Qb6 29. Rd6 Qxd4 30. cxd4 Rc8 31. e6 fxe6 32. Rxe6 Nb4 33. Ra5 Kf7 34.
Rb6 c3 35. Rb7+ Kf8 36. Rxa6 Nxa6 37. Rxb1 c2 38. Rc1 Nb4 39. Be4 Re8 40. Bxg6
Re2+ 41. Kg1 Rd2 42. Bxc2 Nxc2 43. Rb1 Nxd4 44. Rb7 Nf5 45. g4 hxg4 46. hxg4
Ne3 47. g5 Rg2+ 48. Kh1 Rg4 49. Kh2 Nf5 50. Ra7 Rxf4 51. Kg2 Kg8 52. Rc7 Ra4
53. Kf3 Nd4+ 54. Ke3 Ne6 55. Re7 Nxg5 56. Kd3 Nf7 57. Rb7 Kg7 58. Rb6 Ne5+ 59.
Kc3 Kf7 60. Rd6 Ke7 61. Rh6 Nf7 62. Rg6 Kd7 63. Kd2 Nd6 64. Kd3 Rh4 65. Ke3 Kc6
66. Rg5 Nc4+ 67. Kd3 Kd6 68. Rb5 Ne5+ 69. Ke3 Nc6 70. Rf5 Nb4 71. Rf8 Kc5 72.
Rc8+ Nc6 73. Rf8 Kd5 74. Re8 Nd4 75. Rd8+ Ke5 76. Kd3 Ne6 77. Ra8 Nc5+ 78. Kc3
Ne4+ 79. Kc4 Nd6+ 80. Kd3 Rh3+ 81. Ke2 Kf4 82. Rd8 Re3+ 83. Kd2 Ne4+ 84. Kc2
Rc3+ 85. Kb2 Ke3 86. Re8 Rc6 87. Rd8 Nd6 88. Rh8 Kd4 89. Kb3 Rc3+ 90. Kb4 Rc7
1/2-1/2

[Event "Aeroflot Open 2007"]
[Site "Moscú RUS"]
[Date "2007.02.17"]
[Round "4.9"]
[White "Alekseev, Evgeny"]
[Black "Najer, Evgeniy"]
[Result "1-0"]
[WhiteElo "2661"]
[BlackElo "2605"]
[PlyCount "159"]
[EventDate "2007.02.14"]
[EventType "swiss"]
[EventRounds "9"]
[EventCountry "RUS"]
[Source "lmi"]
[SourceDate "2007.02.13"]

1. Nf3 d5 2. d4 Nf6 3. c4 c6 4. Qb3 dxc4 5. Qxc4 Bf5 6. Nc3 Nbd7 7. g3 e6 8.
Bg2 Be7 9. O-O O-O 10. Re1 Ne4 11. Qb3 Qb6 12. Nh4 Bb4 13. g4 Nxf2 14. Nxf5
exf5 15. Kxf2 Qxd4+ 16. Kf1 Bc5 17. e3 Qxg4 18. h3 Qh4 19. Qc2 g6 20. Na4 Bb4
21. Rd1 Rad8 22. a3 Be7 23. Rd4 Qh6 24. Bd2 Bf6 25. Rd6 Bg5 26. Re1 Ne5 27.
Rxd8 Rxd8 28. Re2 Qh4 29. Be1 Qh6 30. Bg3 Re8 31. Qc5 b6 32. Qc3 Bf6 33. Bxe5
Rxe5 34. Qxc6 Re6 35. Qf3 Re4 36. Nc3 Bxc3 37. bxc3 Qf8 38. Qg3 Rc4 39. Qe5
Qxa3 40. Rd2 Rc8 41. Rd7 Rf8 42. h4 Qa1+ 43. Kf2 Qa2+ 44. Kg1 Qe2 45. Rxa7 Qe1+
46. Bf1 Qxh4 47. Rc7 Qg4+ 48. Kf2 Qh4+ 49. Qg3 Qd8 50. Be2 Re8 51. Rc4 Qe7 52.
Rc6 Qd8 53. Rd6 Qc8 54. c4 Re6 55. Rd5 Kg7 56. Rxf5 Rxe3 57. Rxf7+ Kxf7 58.
Qxe3 Qc7 59. Ke1 Qd6 60. Qh6 Qb4+ 61. Kf1 Qb1+ 62. Kf2 Qf5+ 63. Ke3 Qe5+ 64.
Kf3 Kg8 65. Qf4 Qc5 66. Qf6 Qa3+ 67. Ke4 Qb4 68. Bd3 Qa5 69. Qe5 Qb4 70. Qf6
Qa5 71. Qe6+ Kf8 72. Qd6+ Kf7 73. Qd5+ Kf6 74. Qxa5 bxa5 75. Kd5 a4 76. c5 a3
77. Bc4 g5 78. Kd6 g4 79. c6 g3 80. c7 1-0

[Event "Aeroflot Open 2007"]
[Site "Moscú RUS"]
[Date "2007.02.17"]
[Round "4.11"]
[White "Sargissian, Gabriel"]
[Black "Laznicka, Viktor"]
[Result "1/2-1/2"]
[WhiteElo "2658"]
[BlackElo "2593"]
[PlyCount "88"]
[EventDate "2007.02.14"]
[EventType "swiss"]
[EventRounds "9"]
[EventCountry "RUS"]
[Source "lmi"]
[SourceDate "2007.02.13"]

1. d4 d5 2. c4 c6 3. Nf3 Nf6 4. Nc3 a6 5. c5 Nbd7 6. Bf4 Nh5 7. Bd2 Nhf6 8. Qc2
g6 9. g3 e5 10. dxe5 Ng4 11. e6 Nxc5 12. exf7+ Kxf7 13. e4 Bg7 14. Bg2 Re8 15.
O-O Kg8 16. Bg5 Qa5 17. exd5 Bf5 18. Qd2 h6 19. Bf4 g5 20. Nd4 Bg6 21. Bd6 Rad8
22. Bxc5 Qxc5 23. Nb3 Qb4 24. Rad1 Ne5 25. Ne4 Qxd2 26. Nexd2 cxd5 27. Nc5 b6
28. Nxa6 Bd3 29. Nc7 Re7 30. Nxd5 Red7 31. Nxb6 Rd6 32. Ndc4 Nxc4 33. Rxd3 Nxb6
34. Rxd6 Rxd6 35. b3 Rd2 36. a4 Bd4 37. a5 Nc8 38. b4 Na7 39. a6 Rb2 40. Bb7
Kf7 41. Kg2 g4 42. h3 h5 43. hxg4 hxg4 44. Re1 Rxf2+ 1/2-1/2

[Event "Aeroflot Open 2007"]
[Site "Moscú RUS"]
[Date "2007.02.17"]
[Round "4.17"]
[White "Balogh, Csaba"]
[Black "Popov, Valerij"]
[Result "1/2-1/2"]
[WhiteElo "2616"]
[BlackElo "2590"]
[PlyCount "110"]
[EventDate "2007.02.14"]
[EventType "swiss"]
[EventRounds "9"]
[EventCountry "RUS"]
[Source "lmi"]
[SourceDate "2007.02.13"]

1. e4 c6 2. d4 d5 3. e5 Bf5 4. h4 a6 5. g4 Bd7 6. c3 e6 7. h5 c5 8. f4 Nh6 9.
Na3 Nc6 10. Nc2 Qb6 11. Bh3 cxd4 12. cxd4 Nb4 13. Nxb4 Bxb4+ 14. Kf2 Be7 15.
Nf3 O-O-O 16. Qb3 Qxb3 17. axb3 Kb8 18. Bd2 Rc8 19. Rac1 Rxc1 20. Rxc1 Rc8 21.
Rxc8+ Kxc8 22. Kg3 Ng8 23. f5 Kd8 24. h6 Nxh6 25. f6 Bf8 26. Ng5 Ke8 27. Nxh7
Bb5 28. g5 Ng8 29. Nxf8 Kxf8 30. Bb4+ Ke8 31. fxg7 Bd3 32. Kf2 Kd7 33. Bf1 Bg6
34. Bc5 Kc6 35. Bd6 Kb6 36. Ke3 Ka7 37. Kd2 b6 38. Kc3 Kb7 39. Kb4 Bh7 40. Ka4
Bc2 41. Be2 Bg6 42. Kb4 Bc2 43. Kc3 Bg6 44. Bd3 Ka7 45. Bxg6 fxg6 46. Kb4 Kb7
47. Ka4 Kc6 48. b4 Kb7 49. b5 a5 50. b3 Kc8 51. Ba3 Kc7 52. Bc1 Kb7 53. Bd2 Ka7
54. Bxa5 Kb7 55. Bb4 Kc7 1/2-1/2

[Event "Aeroflot Open 2007"]
[Site "Moscú RUS"]
[Date "2007.02.17"]
[Round "4.18"]
[White "Harika, Dronavalli"]
[Black "Efimenko, Zahar"]
[Result "0-1"]
[WhiteElo "2421"]
[BlackElo "2616"]
[PlyCount "78"]
[EventDate "2007.02.14"]
[EventType "swiss"]
[EventRounds "9"]
[EventCountry "RUS"]
[Source "lmi"]
[SourceDate "2007.02.13"]

1. d4 g6 2. Nf3 Bg7 3. c4 c5 4. e4 d6 5. Nc3 Bg4 6. d5 Nf6 7. Be2 O-O 8. O-O e6
9. Nd2 Bxe2 10. Qxe2 Re8 11. f4 exd5 12. cxd5 Nbd7 13. Qf3 Qa5 14. e5 dxe5 15.
Nc4 e4 16. Nxe4 Qa6 17. Nxf6+ Nxf6 18. Ne5 Rad8 19. Be3 Rxd5 20. Rfd1 Qe6 21.
a3 b6 22. b4 c4 23. Rac1 Rxd1+ 24. Rxd1 c3 25. Bc1 c2 26. Rd2 Rc8 27. h3 Bh6
28. Rd3 Nh5 29. g3 Bg7 30. Qg4 Qe8 31. Re3 Bxe5 32. Rxe5 Qd8 33. Re1 Rc3 34.
Kh2 Nxg3 35. Qg5 Qd7 36. Qe5 Ne4 37. Re3 Rxe3 38. Bxe3 Nd2 39. Bd4 Nf3+ 0-1

[Event "Aeroflot Open 2007"]
[Site "Moscú RUS"]
[Date "2007.02.17"]
[Round "4.21"]
[White "Dyachkov, Sergej"]
[Black "Sasikiran, Krishnan"]
[Result "0-1"]
[WhiteElo "2554"]
[BlackElo "2700"]
[PlyCount "60"]
[EventDate "2007.02.14"]
[EventType "swiss"]
[EventRounds "9"]
[EventCountry "RUS"]
[Source "lmi"]
[SourceDate "2007.02.13"]

1. d4 Nf6 2. c4 e6 3. g3 c5 4. Nf3 cxd4 5. Nxd4 Bb4+ 6. Bd2 Bc5 7. Nb3 Be7 8.
Bg2 Nc6 9. O-O b6 10. Bf4 Ba6 11. N3d2 O-O 12. Nc3 Nh5 13. Be3 f5 14. Qa4 Bb7
15. f4 g5 16. fxg5 Bxg5 17. Bxg5 Qxg5 18. Rad1 Rad8 19. Nf3 Qe3+ 20. Kh1 Qh6
21. Kg1 Nf6 22. Rd3 Ng4 23. Nh4 Ne3 24. Rf4 Nxg2 25. Nxg2 Ne5 26. Rh4 Qg5 27.
Rd6 Ng6 28. Rhd4 f4 29. Qxa7 fxg3 30. h4 Qf6 0-1

[Event "Aeroflot Open 2007"]
[Site "Moscú RUS"]
[Date "2007.02.17"]
[Round "4.22"]
[White "Jobava, Baadur"]
[Black "Yakovich, Yuri"]
[Result "1/2-1/2"]
[WhiteElo "2650"]
[BlackElo "2577"]
[PlyCount "201"]
[EventDate "2007.02.14"]
[EventType "swiss"]
[EventRounds "9"]
[EventCountry "RUS"]
[Source "lmi"]
[SourceDate "2007.02.13"]

1. e4 c5 2. Nf3 Nc6 3. d4 cxd4 4. Nxd4 Nf6 5. Nc3 e5 6. Ndb5 d6 7. Bg5 a6 8.
Bxf6 gxf6 9. Na3 b5 10. Nd5 Bg7 11. Bd3 Ne7 12. Nxe7 Qxe7 13. c4 f5 14. cxb5 d5
15. O-O fxe4 16. Bc2 Be6 17. bxa6 O-O 18. Nb5 Rxa6 19. a4 Kh8 20. Bb3 Rg8 21.
Nc3 Qh4 22. Qe2 Rd6 23. g3 Qh3 24. Rfd1 Bg4 25. Qf1 Qh5 26. Bxd5 Rh6 27. h4 Bf6
28. Bxe4 Bxh4 29. Qg2 f5 30. Bd5 Rg7 31. Rd3 e4 32. Nxe4 fxe4 33. Bxe4 Bf6 34.
a5 Bh3 35. Qh1 Qe2 36. Re3 Qxb2 37. Rb1 Rc7 38. Ree1 Qd2 39. Qf3 Qxa5 40. Bd5
Rc8 41. Be6 Bxe6 42. Rxe6 Rf8 43. Rd1 Bg7 44. Qe2 Rxe6 45. Qxe6 Bd4 46. Rf1 Qd2
47. Kg2 Rxf2+ 48. Rxf2 Qxf2+ 49. Kh3 Qf1+ 50. Kg4 Qf8 51. Qf5 Bf6 52. Kh3 Qh6+
53. Kg2 Qd2+ 54. Kh3 Qd8 55. Qg4 Bg5 56. Qe6 Kg7 57. Qe5+ Bf6 58. Qf5 Qe7 59.
Qg4+ Bg5 60. Qf5 Kh6 61. Kg2 Qb7+ 62. Kh2 Qe7 63. Kg2 Kg7 64. Kh3 h6 65. Qd5
Qe3 66. Qd7+ Kg6 67. Qd6+ Bf6 68. Qf4 Qe1 69. Qf3 Qe5 70. Qd3+ Kf7 71. Qc4+ Kg7
72. Qg4+ Kh7 73. Qd7+ Be7 74. Qd3+ Kg7 75. Qf3 h5 76. Qf4 Qe6+ 77. Kg2 Qg4 78.
Qf3 Bf6 79. Qb7+ Kg6 80. Qb1+ Kg7 81. Qb7+ Kh6 82. Qf3 Qg6 83. Kh3 Be7 84. Qe3+
Bg5 85. Qe5 Qf7 86. Qd6+ Kh7 87. Qd3+ Kg7 88. Qd4+ Bf6 89. Qd6 Qc4 90. Qd7+ Kg6
91. Qe8+ Kg5 92. Qe3+ Kg6 93. Qe8+ Kh6 94. Qe3+ Bg5 95. Qb6+ Kg7 96. Qb7+ Kf6
97. Qb6+ Kf5 98. Qb1+ Ke5 99. Qb8+ Ke4 100. Qe8+ Kf5 101. Qxh5 1/2-1/2

[Event "Aeroflot Open 2007"]
[Site "Moscú RUS"]
[Date "2007.02.17"]
[Round "4.25"]
[White "Asrian, Karen"]
[Black "Gareev, Timur"]
[Result "1/2-1/2"]
[WhiteElo "2634"]
[BlackElo "2551"]
[PlyCount "129"]
[EventDate "2007.02.14"]
[EventType "swiss"]
[EventRounds "9"]
[EventCountry "RUS"]
[Source "lmi"]
[SourceDate "2007.02.13"]

1. e4 e5 2. Nf3 Nc6 3. Bc4 d6 4. c3 Qf6 5. d3 h6 6. Nbd2 Nge7 7. Nf1 g5 8. h4
g4 9. N3d2 h5 10. Ne3 Bh6 11. Ndf1 Bd7 12. a4 Bf4 13. a5 Nd8 14. Nd5 Nxd5 15.
exd5 Bxc1 16. Qxc1 Qh6 17. d4 f5 18. Qc2 Nf7 19. Ng3 O-O 20. O-O Qf6 21. f3 f4
22. fxg4 hxg4 23. h5 Ng5 24. dxe5 dxe5 25. Rae1 Rae8 26. d6+ Kh8 27. dxc7 Qe7
28. Ne4 Nxe4 29. Qxe4 Bf5 30. Qd5 Qxc7 31. b3 e4 32. Qd4+ Kh7 33. Qxa7 f3 34.
a6 g3 35. gxf3 Bh3 36. Qxb7 Qxb7 37. axb7 Bxf1 38. Rxf1 exf3 39. Bd5 f2+ 40.
Kg2 Re1 41. Bc4 Re3 42. b4 Rxc3 43. Be6 Rb8 44. Bd5 Re3 45. Kh3 Kh6 46. Kg4 Re1
47. Bg2 Rg8+ 48. Kf3 Ree8 49. Rc1 Ref8+ 50. Ke3 Kxh5 51. b5 Rg7 52. Rc8 Re7+
53. Kd2 Rd7+ 54. Ke3 Re7+ 55. Kd2 f1=Q 56. Bxf1 Rf2+ 57. Be2+ Rfxe2+ 58. Kd3
R2e3+ 59. Kd2 Rxb7 60. Kxe3 Kg4 61. Rg8+ Kh3 62. Rh8+ Kg2 63. Rh5 Kg1 64. Rg5
g2 65. Kd4 1/2-1/2

[Event "Aeroflot Open 2007"]
[Site "Moscú RUS"]
[Date "2007.02.17"]
[Round "4.27"]
[White "Grigoriants, Sergey"]
[Black "Vorobiov, Evgeny E"]
[Result "1/2-1/2"]
[WhiteElo "2592"]
[BlackElo "2563"]
[PlyCount "21"]
[EventDate "2007.02.14"]
[EventType "swiss"]
[EventRounds "9"]
[EventCountry "RUS"]
[Source "lmi"]
[SourceDate "2007.02.13"]

1. e4 c5 2. Ne2 Nf6 3. Nbc3 d5 4. exd5 Nxd5 5. Nxd5 Qxd5 6. d4 e5 7. Nc3 Qxd4
8. Be3 Qxd1+ 9. Rxd1 Be6 10. Ne4 Nd7 11. Bb5 1/2-1/2

[Event "Aeroflot Open 2007"]
[Site "Moscú RUS"]
[Date "2007.02.17"]
[Round "4.36"]
[White "Azarov, Sergei"]
[Black "Kosintseva, Tatiana"]
[Result "1-0"]
[WhiteElo "2583"]
[BlackElo "2474"]
[PlyCount "95"]
[EventDate "2007.02.14"]
[EventType "swiss"]
[EventRounds "9"]
[EventCountry "RUS"]
[Source "lmi"]
[SourceDate "2007.02.13"]

1. e4 e5 2. Nf3 Nc6 3. Bb5 a6 4. Ba4 Nf6 5. O-O Be7 6. Re1 b5 7. Bb3 O-O 8. c3
d5 9. exd5 Nxd5 10. Nxe5 Nxe5 11. Rxe5 c6 12. d4 Bd6 13. Re2 Qh4 14. g3 Qh3 15.
Nd2 Bf5 16. Bc2 Bxc2 17. Qxc2 f5 18. c4 bxc4 19. Qxc4 f4 20. Qxc6 Qh5 21. Qxd6
Qxe2 22. Qxd5+ Kh8 23. Qg2 Rae8 24. Qf1 Qh5 25. Nc4 Re6 26. Ne5 Rh6 27. h3 fxg3
28. f3 Qxh3 29. Qxh3 Rxh3 30. Be3 Rh2 31. Rd1 Rc8 32. Rc1 Rxc1+ 33. Bxc1 Rc2
34. Bg5 h6 35. Be7 Rd2 36. Nc6 h5 37. Bg5 Rxb2 38. d5 Rb1+ 39. Kg2 Rd1 40. Ne7
Kh7 41. Kxg3 g6 42. Bf6 g5 43. Bxg5 Kg7 44. Kf4 Kf7 45. Ke5 Re1+ 46. Kf5 Ra1
47. Nc6 Rxa2 48. Ne5+ 1-0

[Event "Aeroflot Open 2007"]
[Site "Moscú RUS"]
[Date "2007.02.17"]
[Round "4.37"]
[White "Kurnosov, Igor"]
[Black "Safarli, Eltaj"]
[Result "1-0"]
[WhiteElo "2580"]
[BlackElo "2445"]
[PlyCount "73"]
[EventDate "2007.02.14"]
[EventType "swiss"]
[EventRounds "9"]
[EventCountry "RUS"]
[Source "lmi"]
[SourceDate "2007.02.13"]

1. e4 c5 2. Nf3 d6 3. d4 cxd4 4. Nxd4 Nf6 5. Nc3 a6 6. Bg5 e6 7. f4 h6 8. Bh4
Nbd7 9. Qf3 e5 10. Nf5 exf4 11. Bxf6 Nxf6 12. O-O-O Bxf5 13. exf5 Be7 14. Bc4
Rc8 15. Bb3 Rc7 16. Kb1 O-O 17. Qxf4 Rxc3 18. bxc3 d5 19. Rhe1 Ba3 20. c4 b5
21. cxb5 axb5 22. Bxd5 Nxd5 23. Qe5 Qh4 24. Qxd5 Rc8 25. Re3 Bf8 26. h3 Qf2 27.
Qb3 b4 28. f6 g6 29. Red3 h5 30. g4 hxg4 31. hxg4 Qf4 32. Rh3 Rc7 33. Qg3 Qxg3
34. Rxg3 Rc6 35. g5 Rc5 36. Rd8 b3 37. Rxb3 1-0